000 00625nam a22002057a 4500
005 20140313102126.0
010 _aENG-109486
020 _c150.00
_a9788183162715
035 _aEN-93019
037 _bDBAD/PUB
082 _a370.114
100 _aCharles, Kiruba
245 0 0 _aValue education /
_cby Kiruba Charlres [and] V. Arul Selvi
260 _aHyderabad
_bNeelkamal Publications
_c2012
270 _aSultan Bazar
_bHyderabad
_e500095
300 _aviii,212p.
_c22cm(pbk)
500 _aIncludes bibliographical references and index
700 _dArul Selvi, V.
942 _2ddc
_cEN
_mCHA
_h370.114
999 _c82803
_d82803